Một số công thức vi phân cho quá trình ngẫu nhiên liên tục và lớp quá trình Itô - Lévy : Luận văn Thạc sĩ Toán học. Chuyên ngành: Lý thuyết xác suất và thống kê toán học
Trình bày một số kiến thức về phương trình vi phân; sử dụng các công cụ của tính toán ngẫu nhiên phương trình vi phân ngẫu nhiên để hình thành các khái niệm trong thị trường tài chính và rủi ro tài chính...
Gespeichert in:
| 1. Verfasser: | |
|---|---|
| Format: | Buch |
| Sprache: | Undetermined |
| Veröffentlicht: |
Cần Thơ
Trường Đại học Cần Thơ
2011
|
| Schlagworte: | |
| Tags: |
Tag hinzufügen
Keine Tags, Fügen Sie den ersten Tag hinzu!
|
| Thư viện lưu trữ: | Trung tâm Học liệu Trường Đại học Cần Thơ |
|---|
| LEADER | 01274nam a2200217Ia 4500 | ||
|---|---|---|---|
| 001 | CTU_166526 | ||
| 008 | 210402s9999 xx 000 0 und d | ||
| 082 | |a 519.24 | ||
| 082 | |b I.312 | ||
| 088 | |a 604615 | ||
| 100 | |a Nguyễn, Đình Inh | ||
| 245 | 0 | |a Một số công thức vi phân cho quá trình ngẫu nhiên liên tục và lớp quá trình Itô - Lévy : | |
| 245 | 0 | |b Luận văn Thạc sĩ Toán học. Chuyên ngành: Lý thuyết xác suất và thống kê toán học | |
| 245 | 0 | |c Nguyễn Đình Inh ; Dương Tôn Đảm (Người hướng dẫn) | |
| 260 | |a Cần Thơ | ||
| 260 | |b Trường Đại học Cần Thơ | ||
| 260 | |c 2011 | ||
| 520 | |a Trình bày một số kiến thức về phương trình vi phân; sử dụng các công cụ của tính toán ngẫu nhiên phương trình vi phân ngẫu nhiên để hình thành các khái niệm trong thị trường tài chính và rủi ro tài chính | ||
| 650 | |a Probabilistic number theory,Mathematical analysis,Lý thuyết số xác suất,Phân tích toán học | ||
| 904 | |i Trọng Hải | ||
| 980 | |a Trung tâm Học liệu Trường Đại học Cần Thơ | ||